El fuego que perdura (Registro nro. 54257)
[ vista simple ]
| 000 -ENCABEZADO | |
|---|---|
| Número de control [NR] | 01429nam a2200337 a 4500 |
| 005 - FECHA Y HORA DE LA ÚLTIMA TRANSACCIÓN | |
| control field | 20211111074911.0 |
| 008 - DE LONGITUD FIJA DE DATOS DE ELEMENTOS - INFORMACIÓN GENERAL | |
| Elementos de longitud fija [NR] | 061201s2007 ck gr 00011dspa d |
| 020 ## - NUMERO INTERNACIONAL NORMALIZADO PARA LIBROS [R] | |
| Número Internacional Normalizado del libro [NR] | 9789589230305 |
| 040 ## - FUENTE DE CATALOGACION [NR] | |
| Agencia de catalogación original [NR] | CO-BoUCM |
| Idioma de catalogación [NR] | spa |
| Quien Cataloga | Sandra Palacio (modificó) |
| Quien Clasifica | Sandra Palacio |
| 041 0# - CODIGO DE IDIOMA [R] | |
| Código de idioma para texto/pista de sonido o título separado [R] | Español |
| 100 1# - ASIENTO PRINCIPAL--NOMBRE PERSONAL [NR] | |
| Nombre personal [NR] | García Usta, Jorge |
| Fechas asociadas con el nombre [NR] | 1960-2005 |
| ID Autoridad | 85968 |
| 245 13 - MENCION DE TITULO [NR] | |
| Título [NR] | El fuego que perdura |
| Parte restante del título [NR] | antología poética |
| Mención de responsabilidad, etc. [NR] | Jorge García Usta ; selección y prólogo Rómulo Bustos Aguirre |
| 260 3# - PUBLICACION, DISTRIBUCION, ETC. (PIE DE IMPRENTA) [R] | |
| Lugar de publicación, distribución, etc. [R] | Cartagena (Bolivar, Colombia) |
| Nombre del editor, distribuidor, etc. [R] | Universidad de Cartagena |
| Fecha de publicación, distribución, etc. [R] | 2007 |
| 300 ## - DESCRIPCION FISICA [R] | |
| Extensión [R] | 200 páginas |
| 490 ## - MENCION DE SERIE [R] | |
| Mención de serie [R] | El reino errante. Biblioteca de literatura y del caribe colombiano |
| Designación numérica/secuencial del volumen [NR] | 1 |
| 505 0# - NOTA DE CONTENIDO CON FORMATO PREESTABLECIDO [R] | |
| Nota de contenido con formato preestablecido [NR] | Noticias desde otra orilla (1985) ; Libro de las crónicas (1989) ; El reino errante ; Monteadentro (1992) ; La tribu interior (1995) ; Cantaleta del amoroso (2006). |
| 600 16 - ASIENTO SECUNDARIO DE MATERIA - NOMBRE PERSONAL [R] | |
| Nombre personal [NR] | García Usta, Jorge |
| Fechas asociadas con el nombre [NR] | 1960-2005 |
| Subdivisión general [R] | Crítica e interpretación |
| 9 (RLIN) | 85969 |
| 650 17 - ASIENTO SECUNDARIO DE MATERIA - TERMINO TEMATICO [R] | |
| Término temático o nombre geográfico como elemento de entrada [NR] | Poesía colombiana |
| 9 (RLIN) | 21792 |
| 650 27 - ASIENTO SECUNDARIO DE MATERIA - TERMINO TEMATICO [R] | |
| Término temático o nombre geográfico como elemento de entrada [NR] | Amor |
| Subdivisión de forma [R] | Poesías |
| 9 (RLIN) | 76572 |
| 650 27 - ASIENTO SECUNDARIO DE MATERIA - TERMINO TEMATICO [R] | |
| Término temático o nombre geográfico como elemento de entrada [NR] | Familia |
| Subdivisión de forma [R] | Poesías |
| 9 (RLIN) | 85970 |
| 651 ## - ASIENTO SECUNDARIO DE MATERIA - NOMBRE GEOGRAFICO [R] | |
| Nombre geográfico [NR] | Sol |
| Subdivisión de forma [R] | Poesías |
| 9 (RLIN) | 85971 |
| 700 12 - ASIENTO SECUNDARIO - NOMBRE PERSONAL [R] | |
| Nombre personal [NR] | Bustos Aguirre, Rómulo |
| Fechas asociadas con el nombre [NR] | 1954- |
| 9 (RLIN) | 49418 |
| 740 02 - ASIENTO SECUNDARIO – TITULOS RELACIONADOS/ANALITICOS NO CONTROLADOS [R] | |
| Título relacionado o analítico no controlado [NR] | Noticias desde otra orilla |
| 740 02 - ASIENTO SECUNDARIO – TITULOS RELACIONADOS/ANALITICOS NO CONTROLADOS [R] | |
| Título relacionado o analítico no controlado [NR] | Libro de las crónicas |
| 740 32 - ASIENTO SECUNDARIO – TITULOS RELACIONADOS/ANALITICOS NO CONTROLADOS [R] | |
| Título relacionado o analítico no controlado [NR] | El reino errante |
| 740 02 - ASIENTO SECUNDARIO – TITULOS RELACIONADOS/ANALITICOS NO CONTROLADOS [R] | |
| Título relacionado o analítico no controlado [NR] | Monteadentro |
| 740 32 - ASIENTO SECUNDARIO – TITULOS RELACIONADOS/ANALITICOS NO CONTROLADOS [R] | |
| Título relacionado o analítico no controlado [NR] | La tribu interior |
| 740 02 - ASIENTO SECUNDARIO – TITULOS RELACIONADOS/ANALITICOS NO CONTROLADOS [R] | |
| Título relacionado o analítico no controlado [NR] | Cantaleta del amoroso |
| 942 ## - ELEMENTOS DE ENTRADA AGREGADOS (KOHA) | |
| Sistema de clasificación | DEWEY |
| Tema principal | Literatura |
| Tipo de ítem principal el descrito en 300a | Libro |
| Edición | 1 |
| Clasificación | 861.6 |
| Parte restante de la signatura top. | G215jg |
| Signatura topográfica | Código de barras | Última vez visto | Ejemplar | Price effective from | Tipo de ítem | Perdido | Sistema de clasificación | Dañado | No prestable | Tipo de ítem específico | Suprimido | Ubicación habitual | Ubicación actual | Localización | Fecha de creación | Forma de adquisición | Costo |
|---|---|---|---|---|---|---|---|---|---|---|---|---|---|---|---|---|---|
| 861.6 G215jg | 100087492 | 09/12/2025 | Ej.1 | 03/02/2013 | Libro | DEWEY | Libro | Claustro | Claustro | 2do piso | 28/02/2013 | Donación | 26000.00 |